Number Pad Challenge Quiz Stats

 Plays Quiz Updated Feb 13, 2015

Score 0/60 Timer 01:00
0 Plays Today
Number Number % Correct
298298
55%
1919
54.9%
5656
54.9%
45614561
54.8%
5757
54.7%
6767
54.7%
8585
54.7%
815815
54.7%
195195
54.7%
882882
54.6%
819819
54.6%
6262
54.6%
11891189
54.6%
762762
54.6%
741741
54.5%
654654
54.5%
352352
54.5%
847847
54.5%
4242
54.5%
598598
54.5%
169169
54.5%
763763
54.5%
565565
54.4%
468468
54.4%
19731973
54.4%
724724
54.4%
728728
54.4%
498498
54.4%
393393
54.3%
183183
54.3%
Number Number % Correct
949949
54.3%
264264
54.3%
753753
54.3%
15901590
54.3%
348348
54.3%
837837
54.3%
983983
54.3%
247247
54.3%
527527
54.3%
729729
54.3%
795795
54.2%
10681068
54.2%
210210
54.2%
746746
54.2%
943943
54.2%
507507
54.2%
381381
54.2%
36943694
54.1%
492492
54.1%
259259
54.1%
749749
54.1%
749749
54.1%
75487548
54.1%
976976
54.1%
840840
54.1%
80638063
54%
203203
54%
25792579
53.9%
30643064
53.9%
60376037
53.9%

You're not logged in!

Compare scores with friends on all Sporcle quizzes.
OR
Log In

Sporcle TV

Today on Sporcle TV


Watch our educational content, quiz creation guides, and fun videos on Sporcle TV.

Show Comments

Extras

Top Quizzes Today


Score Distribution

Your Account Isn't Verified!

In order to create a playlist on Sporcle, you need to verify the email address you used during registration. Go to your Sporcle Settings to finish the process.

Report this User

Report this user for behavior that violates our Community Guidelines.

Details: